000 00374nam a2200133Ia 4500
008 220216s9999 xx 000 0 und d
100 _aWren W G
245 4 _aThe Application of latex to highway and floor surfacing
260 _bJournal of the Rubber Research Institute of Malaya
_c1940
300 _a15-Jan
650 _aFloor surfacing
650 _aLatex
942 _cJS
999 _c70466
_d70466